MARC

Tag First Indicator Second Indicator Subfields
LEADER 00000cam a2200000Ii 4500
001 in00004352001
008 200922t20202020quca b 001 0 fre d
005 20250318215124.1
020 |a 9782760641716 
020 |a 2760641716  |q paperback 
035 |a (OCoLC)on1196819581 
035 |a (OCoLC)1196819581 
040 |a UAB  |b eng  |e rda  |c UAB  |d OCLCO  |d YDXIT  |d UtOrBLW 
050 4 |a NX650.M26  |b B66 2020 
055 3 |a NX650.M26  |b B66 2020 
082 0 4 |a 700/.456  |2 23 
084 |a cci1icc  |2 lacc 
245 0 2 |a L'âge des postmachines /  |c sous la direction de Isabelle Boof-Vermesse et Jean-François Chassay. 
264 1 |a Montréal :  |b Presses de l'Université de Montréal,  |c [2020] 
264 4 |c ©2020 
300 |a 301 pages :  |b illustrations ;  |c 23 cm. 
336 |a text  |b txt  |2 rdacontent 
337 |a unmediated  |b n  |2 rdamedia 
338 |a volume  |b nc  |2 rdacarrier 
490 1 |a Cavales 
504 |a Includes bibliographical references (pages 283-296) and index. 
650 0 |a Conscious automata in art.  |0 http://id.loc.gov/authorities/subjects/sh96011100 
650 0 |a Conscious automata in literature.  |0 http://id.loc.gov/authorities/subjects/sh94003663 
650 0 |a Technology and civilization.  |0 http://id.loc.gov/authorities/subjects/sh85133180 
650 0 |a Transhumanism.  |0 http://id.loc.gov/authorities/subjects/sh2018002094 
650 6 |a Machines intelligentes dans l'art. 
650 6 |a Machines intelligentes dans la littérature. 
650 6 |a Transhumanisme au cinéma. 
650 6 |a Technologie et civilisation. 
700 1 |a Boof-Vermesse, Isabelle,  |e editor.  |0 http://id.loc.gov/authorities/names/no2011137167 
700 1 |a Chassay, Jean-François,  |e editor.  |0 http://id.loc.gov/authorities/names/n82145030 
776 0 8 |i Version en ligne :  |a Boof-Vermesse, Isabelle, 1962-  |t Âge des postmachines.  |d Montréal : Presses de l'Université de Montréal, 2020  |z 2760641724  |z 9782760641723  |w (OCoLC)1128023089 
830 0 |a Cavales. 
852 8 |b pda,print  |z This title is available for the library to purchase for your use. Click the "Purchase It For Me" button to place a request. This item may take 5-10 business days to arrive. 
955 |a Print PDA title 
961 |m 565730 
999 f f |s 71316b7c-eb5b-4ef4-a819-950912ed1947  |i 66d95bd0-8186-3f5c-92ba-98b6b288dd3e  |t 0 
952 f f |a Texas A&M University  |b College Station  |c Sterling C. Evans Library  |d Purchase on Demand  |t 0  |e NX650.M26 B66 2020  |h Library of Congress classification 
998 f f |a NX650.M26 B66 2020  |t 0  |l Purchase on Demand